Business communication / (Record no. 5881)

000 -LEADER
fixed length control field 00665cam a2200217 i 4500
003 - CONTROL NUMBER IDENTIFIER
control field OSt
005 - DATE AND TIME OF LATEST TRANSACTION
control field 20220630094730.0
008 - FIXED-LENGTH DATA ELEMENTS--GENERAL INFORMATION
fixed length control field 800528s1980 ilua b 001 0 eng
020 ## - INTERNATIONAL STANDARD BOOK NUMBER
International Standard Book Number 9780176225162
040 ## - CATALOGING SOURCE
Transcribing agency DLC
050 00 - LIBRARY OF CONGRESS CALL NUMBER
Classification number HF5718
Item number .B87 2003
245 00 - TITLE STATEMENT
Title Business communication /
Statement of responsibility, etc. Gufffey, Mary Ellen .
260 ## - PUBLICATION, DISTRIBUTION, ETC.
Place of publication, distribution, etc. Canada :
Name of publisher, distributor, etc. Nelson, a division of Thomson Canada ,
Date of publication, distribution, etc. c2003.
300 ## - PHYSICAL DESCRIPTION
Extent xii, 467 p. :
Other physical details ill. ;
Dimensions 24 cm.
500 ## - GENERAL NOTE
General note Includes index.
504 ## - BIBLIOGRAPHY, ETC. NOTE
Bibliography, etc. note Bibliography: p. 457-460.
650 #0 - SUBJECT ADDED ENTRY--TOPICAL TERM
Topical term or geographic name entry element Business communication.
700 1# - ADDED ENTRY--PERSONAL NAME
Personal name Kathleen Rhodes, Patricia Rogin
906 ## - LOCAL DATA ELEMENT F, LDF (RLIN)
a 7
b cbc
c orignew
d 2
e ocip
f 19
g y-gencatlg
942 ## - ADDED ENTRY ELEMENTS (KOHA)
Source of classification or shelving scheme
Koha item type Book
Suppress in OPAC CM
Holdings
Withdrawn status Lost status Source of classification or shelving scheme Damaged status Not for loan Permanent Location Current Location Shelving location Date acquired Source of acquisition Total Checkouts Full call number Barcode Date last seen Price effective from Koha item type Public note
          AU LIBRARY AU LIBRARY Open Shelf 30.06.2022 DONATION FROM MOI UNIVERSITY   HF5718 .B87 2003 28000242 30.06.2022 30.06.2022 Book CM

Powered by Koha